I matrimoni islamo-cattolici in Italia: aspetti giuridici e pastorali
Enregistré dans:
| Auteurs principaux: | , |
|---|---|
| Format: | Livre |
| Langue: | italien |
| Publié: |
Milán
San Paolo
2003
|
| Collection: | Quaderni per la Coppia e la Famiglia, 14
|
| Sujets: | |
| Tags: |
Ajouter un tag
Pas de tags, Soyez le premier à ajouter un tag!
|
MARC
| LEADER | 00000nam a2200000 a 4500 | ||
|---|---|---|---|
| 001 | UCL4012 | ||
| 003 | CL-VaPUC | ||
| 008 | 031219e20030000IT |||||||||||||||||ita|d | ||
| 020 | |a 8821548880 | ||
| 082 | 0 | 4 | |a 262.933 |b FER |2 21 |
| 100 | 0 | |a Ferrari, Silvio |e author |9 481473 | |
| 700 | 0 | |a Perotti Barra, Giancarla |e author |9 481474 | |
| 245 | 1 | 2 | |a I matrimoni islamo-cattolici in Italia: aspetti giuridici e pastorali |
| 300 | |a 61 p | ||
| 942 | |c BK | ||
| 945 | |d 20031219 00:00:00 |a cmena | ||
| 260 | |a Milán |b San Paolo |c 2003 | ||
| 650 | 7 | |a DERECHO CANONICO |2 CL-VaPUC |9 481475 | |
| 650 | 7 | |a MATRIMONIO |2 CL-VaPUC |9 481476 | |
| 650 | 0 | |a Sacramentos |9 257270 | |
| 651 | 0 | |a Italia |9 254949 | |
| 583 | |a last modification |c 20031219 00:00:00 |k Rodrigo Vera | ||
| 490 | 0 | |a Quaderni per la Coppia e la Famiglia, 14 | |
| 999 | |c 306971 |d 306969 | ||
| 952 | |0 0 |1 0 |4 0 |6 262_933000000000000_FER_2003 |7 0 |8 X |9 372432 |a BIBDER |b BIBDER |d 2019-11-21 |i 3931617 |o 262.933 FER 2003 |p 3931617 |r 2023-01-25 |w 2019-11-21 |y BK_X |k DER | ||